มุมมองปกติ
มุมมองแบบ MARC
- พระครูวิเทศสุธรรมญาณ วิ. (สุธรรม สุธมโม)
รายการ Personal Name
001 - CONTROL NUMBER
- control field: 59165
003 - CONTROL NUMBER IDENTIFIER
- control field: NALT
005 - DATE AND TIME OF LATEST TRANSACTION
- control field: 20221005102350.0
008 - FIXED-LENGTH DATA ELEMENTS
- fixed length control field: 221005|| aca||aabn | a|a d
040 ## - CATALOGING SOURCE
- Original cataloging agency: NALT
100 0# - HEADING--PERSONAL NAME
- Personal name: พระครูวิเทศสุธรรมญาณ วิ. (สุธรรม สุธมโม)
